| 000 | 00440nam a2200121Ia 4500 | ||
|---|---|---|---|
| 008 | 170224s9999 xx 000 0 und d | ||
| 245 | _aTesting the CaR–FA–X model: Investigating the mechanisms underlying reduced autobiographical memory specificity in individuals with and without a history of depression. | ||
| 260 | _bJournal of Abnormal Psychology | ||
| 260 | _c2014 | ||
| 300 | _a123:3 | ||
| 500 | _aAugust | ||
| 650 | _xPsychology. | ||
| 999 |
_c316719 _d316719 |
||